000 01717nam0a2200409 4500
001 RU\NLR\bibl\163995
005 20250618054400.0
010 _a5-256-01444-7
_92000
021 _aRU
_b2001-848
_943
035 _a(NLR Aleph) 000160865
090 _a925232
_c925232
100 _a20010326d2000 |||y0rusy50 ca
101 1 _arus
102 _aRU
105 _aa |||||||||
200 1 _aБеспроводная цифровая связь
_eМетоды модуляции и расширения спектра
_fК. Феер
_gПер. с англ. под ред. В. И. Журавлева
_g[Федерал. прогр. поддержки книгоизд. России]
210 _aМ.
_cРадио и связь
_d2000
215 _a518,[1] с.
_cил.
_d21
300 _aЗагл. и авт. ориг.: Wireless digital communications / Dr. Kamilo Feher
320 _aПредм. указ.: с. 514-516
320 _aБиблиогр.: с. 495-513
454 0 _12001#$aWireless digital communications$fDR. Kamilo Feher
_tWireless digital communications
606 0 _aРадиосвязь цифровая
_91499303
_3RU\NLR\auth\66951737
606 0 _aРадиосигналы
_xМодуляция
_91502346
_3RU\NLR\auth\66953350
610 0 _aРадиосигналы - Обработка цифровая
610 0 _aЭлектрическая связь цифровая
675 _a621.396.218
_v3
_zrus
686 _a49.43
_2rugasnti
686 _a32.884.1
_2rubbk
686 _aЗ884.1
700 1 _aФеер
_gКамило
_4070
801 0 _aRU
_bRKP
_c20010326
_gPSBO
801 1 _aRU
_bRKP
_c20010326
801 2 _aRU
_bNLR
_c20010705
_grcr
942 _cBOOK
980 _aNB